Reklama a public relations v teorii i v praxi
Pokračovanie z č. 5 a 6/95. Reklama ako súčasť marketingového reťazca. Psychológia v propagácii - vychádza z osobnosti a psychológie trhu. Základ etiky v reklamnej činnosti - pravdivosť informácií a fair play. Kódex - Zásady etickej reklamnej praxe v ČR.
Na minha lista:
| Autor principal: | |
|---|---|
| Formato: | Capítulo de Livro |
| Idioma: | tcheco |
| Assuntos: | |
| Tags: |
Sem tags, seja o primeiro a adicionar uma tag!
|
MARC
| LEADER | 00000naa a2200000 4500 | ||
|---|---|---|---|
| 001 | r018472 | ||
| 005 | 20221208131312.4 | ||
| 041 | 0 | |a cze | |
| 044 | |a CZ | ||
| 245 | 1 | 0 | |a Reklama a public relations v teorii i v praxi |c Z. Chmel |
| 520 | |a Pokračovanie z č. 5 a 6/95. Reklama ako súčasť marketingového reťazca. Psychológia v propagácii - vychádza z osobnosti a psychológie trhu. Základ etiky v reklamnej činnosti - pravdivosť informácií a fair play. Kódex - Zásady etickej reklamnej praxe v ČR. | ||
| 610 | 2 | 0 | |a reklama |
| 610 | 2 | 0 | |a práca s verejnosťou |
| 610 | 2 | 0 | |a marketing |
| 610 | 2 | 0 | |a propagácia |
| 610 | 2 | 0 | |a psychológia |
| 610 | 2 | 0 | |a etika |
| 610 | 2 | 0 | |a kódexy |
| 610 | 2 | 0 | |a Česko |
| 100 | 1 | |a Chmel, Z. | |